| 000 | 00966nam a2200325 a 4500 | ||
|---|---|---|---|
| 003 | AR-BaBNM | ||
| 005 | 20251128205154.0 | ||
| 008 | 082120s2002 ||||||||||||||000 | spa|| | ||
| 020 | _a950-21-1030-7 | ||
| 040 | _cAR-BaBNM | ||
| 100 | 1 | _aSerna, Stella Maris de la | |
| 245 | 0 | 0 |
_aCajita de música _bcarpeta de actividades para la educación musical : 1er nivel, 2da carpeta |
| 260 |
_aBuenos Aires _bPlus Ultra _c1992 |
||
| 300 |
_a139 p. _bil., partituras |
||
| 650 | 4 | _aJUEGO | |
| 650 | 4 | _aCANCIONES | |
| 650 | 4 | _aCANCIONES FOLKLORICAS | |
| 650 | 4 | _aRITMO | |
| 650 | 4 | _aMUSICA DE BAILE | |
| 650 | 4 | _aJUEGOS EDUCATIVOS | |
| 650 | 4 | _aCREACION ARTISTICA | |
| 650 | 4 | _aEDUCACION MUSICAL | |
| 650 | 4 | _aINSTRUMENTOS MUSICALES | |
| 650 | 4 | _aACTIVIDADES DE APRENDIZAJE | |
| 700 | 1 | _aKalbermatter, María de los Angeles | |
| 700 | 1 |
_aDíaz, Celia _eilustrador |
|
| 700 | 1 |
_aFoglia de Ruiz, Amelia C. _eprologuista |
|
| 942 | _cBK | ||
| 998 | _cisola | ||
| 999 |
_c10287 _d10287 |
||